|
|
|
|
| LEADER |
00000cam a2200000 7i4500 |
| 001 |
0000001335 |
| 005 |
20140420.0 |
| 020 |
0 |
0 |
|a 9290433825
|
| 090 |
0 |
0 |
|a 641.3461
|b WOR 1996
|
| 110 |
1 |
0 |
|a WORKSHOP on Promoting Multi-Purpose Uses and Competitiveness of the Coconut
|k 1996
|j Chumphon, Thailand
|
| 245 |
1 |
0 |
|a Promoting multi-purpose uses and competitiveness of the coconut :
|b Proceedings of a workshop, 26-29 September 1996, Chumphon, Thailand
|c Pons A. Batugal, V. Ramanatha Rao and C. Bong, editors
|
| 260 |
0 |
0 |
|a Bangkok :
|b IPGRI ,
|c 1998
|
| 300 |
|
|
|a 190 p. :
|b col. ill. ;
|c 30 cm.
|
| 650 |
0 |
0 |
|a Coconut industry
|x Congresses
|
| 650 |
0 |
0 |
|a Coconut products
|x Congresses
|
| 700 |
0 |
1 |
|a BATRA
|h Promod
|
| 700 |
0 |
1 |
|a Bong
|h C.
|
| 700 |
0 |
1 |
|a Rao
|h V. Ramanatha
|
| 710 |
1 |
1 |
|a International Plant Genetic Resources Institute (IPGRI)
|
| 998 |
|
|
|a JPSM
|
| 999 |
|
|
|a 0000002335
|b Monograph
|c Open Shelf
|e Default branch
|